000 00555nam a2200145 a 4500
001 000039932
005 20250207073535.0
008 130730s2008 dr ad 000 0 spa d
040 _aDO-SdBNP
_bspa
_cBNPHU
110 2 _aINFOTEP (Agencia)
_978644
245 1 0 _aCompetitividad y desarrollo de la fuerza laboral :
_boferta y demanda de capacitación en República Dominicana /
_cRalando M. Guzmán.
260 _aSanto Domingo :
_bConsejo Nacional de Competitividad,
_c2008.
300 _a132 p. :
_bil., gráfs. ;
_c26 cm.
700 1 _aGuzmán, Rolando M.
_918774
999 _c39422
_d39422